<?xml version="1.0" encoding="UTF-8"?>
<record
    xmlns:xsi="http://www.w3.org/2001/XMLSchema-instance"
    xsi:schemaLocation="http://www.loc.gov/MARC21/slim http://www.loc.gov/standards/marcxml/schema/MARC21slim.xsd"
    xmlns="http://www.loc.gov/MARC21/slim">

  <leader>02567nab a2200253uuc4500</leader>
  <controlfield tag="001">1456144</controlfield>
  <controlfield tag="005">20240202125012.0</controlfield>
  <controlfield tag="008">161130e20140805                    spa  </controlfield>
  <datafield tag="035" ind1=" " ind2=" ">
    <subfield code="a">1456144</subfield>
  </datafield>
  <datafield tag="040" ind1=" " ind2=" ">
    <subfield code="c">comduadb</subfield>
  </datafield>
  <datafield tag="041" ind1=" " ind2=" ">
    <subfield code="a">spa</subfield>
  </datafield>
  <datafield tag="100" ind1="1" ind2="0">
    <subfield code="a">Rodr&#xED;guez Villamar&#xED;n, Flor</subfield>
    <subfield code="4">aut</subfield>
    <subfield code="e">aut</subfield>
    <subfield code="9">701744</subfield>
  </datafield>
  <datafield tag="245" ind1="1" ind2="0">
    <subfield code="a">Proporci&#xF3;n de leptospirosis y factores relacionados en pacientes con diagn&#xF3;stico presuntivo de dengue, 2010-2012</subfield>
  </datafield>
  <datafield tag="520" ind1="3" ind2=" ">
    <subfield code="a">Objetivo Identificar la presencia de leptospirosis y las variables sociodemogr&#xE1;ficas relacionadas, en pacientes con diagn&#xF3;stico confirmado y descartado de dengue en el periodo 2010-2012, por medio de la t&#xE9;cnica de microaglutinaci&#xF3;n (MAT). Materiales y M&#xE9;todos Se realiz&#xF3; un estudio descriptivo retrospectivo de 238 sueros: 106 de pacientes fallecidos: 64 dengue negativo y 42 dengue positivo y 132 muestras de pacientes vivos dengue positivo: 29 confirmados por PCR y/o aislamiento viral y 103 con IgM positiva, a todos los sueros se les realiz&#xF3; la t&#xE9;cnica de MAT para Leptospira, se revisaron las fichas epidemiol&#xF3;gicas y se analizaron los datos. Resultados De los 42 pacientes fallecidos dengue positivo, 3 (7 %) se encontraron positivos para Leptospira interrogans serogrupo Australis y Autumnalis; 2 mujeres, de 5 y 17 a&#xF1;os y un hombre de 14 a&#xF1;os. De los 64 pacientes fallecidos negativos para dengue, 7 (11 %) se encontraron positivos para L. interrogans de los serogrupos Pomona, Autumnalis, Canicola y Ballum; 5 hombres; edades entre 8 y 58 a&#xF1;os; y 2 mujeres edades de 35 y 56 a&#xF1;os. De los 103 pacientes vivos con IgM positiva para dengue, 3 (2,9 %) se encontraron positivos para Leptospira de los serogrupos Icterohaemorrhagiae, Cynopteri, Javanica, Proechimys y Autumnalis; 1 hombre y 2 mujeres. En los 29 pacientes vivos confirmados para dengue, no se encontraron positivos para Leptospira. Conclusiones Se debe sospechar de leptospirosis, no solo como &#xFA;nico agente causal del s&#xED;ndrome febril, sino tambi&#xE9;n de la coinfecci&#xF3;n que podr&#xED;a comprometer al paciente y estar relacionada con la mortalidad. </subfield>
  </datafield>
  <datafield tag="650" ind1=" " ind2=" ">
    <subfield code="a">Leptospira sp.</subfield>
    <subfield code="9">16523</subfield>
  </datafield>
  <datafield tag="650" ind1=" " ind2=" ">
    <subfield code="a">Leptospirosis</subfield>
    <subfield code="9">28033</subfield>
  </datafield>
  <datafield tag="650" ind1=" " ind2="7">
    <subfield code="a">Dengue</subfield>
    <subfield code="2">lemb</subfield>
    <subfield code="9">13809</subfield>
  </datafield>
  <datafield tag="650" ind1=" " ind2=" ">
    <subfield code="a">Coinfecciones</subfield>
    <subfield code="9">153821</subfield>
  </datafield>
  <datafield tag="700" ind1="1" ind2="0">
    <subfield code="a">Prieto Su&#xE1;rez, Edgar</subfield>
    <subfield code="4">aut</subfield>
    <subfield code="e">aut</subfield>
    <subfield code="9">715865</subfield>
  </datafield>
  <datafield tag="700" ind1="1" ind2="0">
    <subfield code="a">Escand&#xF3;n Hern&#xE1;ndez, Patricia</subfield>
    <subfield code="4">aut</subfield>
    <subfield code="e">aut</subfield>
    <subfield code="9">419692</subfield>
  </datafield>
  <datafield tag="700" ind1="1" ind2="0">
    <subfield code="a">De la Hoz Restrepo, Fernando</subfield>
    <subfield code="4">aut</subfield>
    <subfield code="e">aut</subfield>
    <subfield code="9">716902</subfield>
  </datafield>
  <datafield tag="773" ind1="0" ind2=" ">
    <subfield code="t">Revista de Salud P&#xFA;blica (Bogot&#xE1;)</subfield>
    <subfield code="g">Volumen 16, N&#xFA;mero 04, Julio-Agosto 2014, p&#xE1;ginas 597-609</subfield>
    <subfield code="w">602698</subfield>
    <subfield code="x">0124-0064</subfield>
    <subfield code="0">156183</subfield>
  </datafield>
  <datafield tag="942" ind1=" " ind2=" ">
    <subfield code="c">ARIMP</subfield>
  </datafield>
  <datafield tag="999" ind1=" " ind2=" ">
    <subfield code="c">749136</subfield>
    <subfield code="d">749136</subfield>
  </datafield>
</record>
